000 00924nmm a2200289 a 4500
001 ocm0002348031
003 TR-IsHL
005 20201028185737.0
008 191121s2018 tu tur
007 cr cn
020 _a9786059579421
035 _a2348031
_b(N$T)
050 0 4 _aPL248.A585
_bA4 2018
090 0 4 _aPL248.A585
_bA4 2018
100 1 _aAltınkaynak, Songül
245 1 0 _aAdını aşan şiirler
_h[electronic resource] /
_cSongül Altınkaynak ; editör Celil Çınkır
250 _aBirinci Basım
260 _aİstanbul :
_bYalın Yayıncılık,
_c2018
300 _a128 p.
650 4 _aDil ve Edebiyat
650 4 _aLanguage and Literature
650 0 _aTürk şiiri
650 0 _aTurkish poetry
650 7 _aPOETRY / Middle Eastern
_2bisacsh
700 1 _aÇınkır, Celil
856 4 0 _uhttp://search.ebscohost.com/login.aspx?direct=true&scope=site&db=e011xww&AN=2348031
999 _c21600
_d21600